I Told You Things - Gracie Abrams (All Lyrics) - Statistics

General Stats
  • This quiz has been taken 11 times
  • The average score is 194 of 271
Answer Stats
Lyrics % Correct
a
100%
I
100%
the
100%
things
100%
to
100%
To
100%
told
100%
you
100%
You
100%
and
89%
my
89%
never
89%
on
89%
regret
89%
said
89%
said,
89%
that
89%
that?
89%
were
89%
we're
89%
your
89%
You're
89%
you're
89%
all
78%
boy
78%
go
78%
golden
78%
I'm
78%
in
78%
it
78%
it's
78%
I've
78%
not
78%
once
78%
once,
78%
or
78%
So
78%
them)
78%
them
78%
them,
78%
worst
78%
am
67%
As
67%
at
67%
black
67%
But
67%
but
67%
By
67%
changed,
67%
Composed
67%
Do
67%
don't
67%
(Don't
67%
enough
67%
fade
67%
Fake
67%
feeling
67%
guess
67%
Hey,
67%
"Hey,
67%
home
67%
hundred
67%
if
67%
Instead
67%
just
67%
lost
67%
mean
67%
much
67%
nevermind,
67%
of
67%
played
67%
reaching?
67%
sad?
67%
sad
67%
safe
67%
say
67%
stopped
67%
straight
67%
strange
67%
tell
67%
'til
67%
'Til
67%
Took
67%
took
67%
wait,
67%
walking
67%
ways
67%
what?
67%
what
67%
year,
67%
Yesterday,
67%
anybody
56%
away
56%
built
56%
cage
56%
call
56%
call?
56%
ceiling
56%
cigarettes
56%
city
56%
color
56%
cost
56%
cut
56%
else,
56%
face
56%
fair
56%
fantasies
56%
few?
56%
freak
56%
games
56%
get
56%
give
56%
guilt,
56%
Hallucination,
56%
I'll
56%
insane
56%
know
56%
know)
56%
leaving,
56%
leaving
56%
let
56%
like
56%
limit
56%
Lost
56%
more
56%
now
56%
out
56%
Pain,
56%
pain
56%
Plus
56%
poems
56%
practice
56%
shame,
56%
than
56%
this
56%
throw
56%
walls?"
56%
writing
56%
you've
56%
back
44%
bar
44%
been?
44%
drunken
44%
for
44%
good
44%
guys
44%
how's
44%
local
44%
okay,"
44%
pieces
44%
recognized
44%
"Stay,
44%
up
44%
(ah)
33%
claw
33%
girls,
33%
glow
33%
hands,
33%
(Hm)
33%
little
33%
pack
33%
starlit
33%
they
33%
turned
33%
yellow
33%
mm
11%
No matching quizzes found
Score Distribution
Percent of People with Each Score
Percentile by Number Answered
Your Score History
You have not taken this quiz